000
00229nam a22000977a 4500
999
_c
16248
_d
16248
003
OSt
008
200626b ||||| |||| 00| 0 eng d
100
_a
K M Gopi
_9
4646
245
_a
ലൈബ്രറി സയൻസ്
942
_c
BK